Tilastot visalle Top 10 Euroopan protestanttisimmat maat

Klikkaa tästä pelataksesi tätä visaa!

Yleistilastot

  • Tätä visaa on pelattu 161 kertaa
  • Keskiarvotulos 9 / 10

Vastaustilastot

%Protestantti maa% Oikein
72Suomi
96%
82Norja
95%
64Ruotsi
95%
76Tanska
92%
27Saksa
92%
76Islanti
89%
50Yhdistynyt Kuningaskunta
89%
19Alankomaat
83%
25Sveitsi
77%
20Latvia
58%

Tulosjakauma

Persentiili vastausten määrän mukaan

Jokaisen tuloksen saaneiden osuus

Tuloshistoriasi

Et ole pelannut tätä visaa